000 00446nmm a2200169Ia 4500
008 251105s9999||||xx |||||||||||||||||und||
020 _a9788496381261
041 _aspa
100 _aParra, Teresa de la
245 0 _aIfigenia
264 _a[Madrid, España] :
_bMontesinos,
_c2007
300 _a384 páginas
490 _aNarrativa
650 _aSpanish narrative
856 _uhttps://public.digitaliapublishing.com/a/24360
942 _cCF
999 _c89869
_d89869